[Event "escc2023_65"]
[Site "?"]
[Date "2023.05.31"]
[Round "6.12"]
[White "Green, Per"]
[Black "Furman, Boris"]
[Result "0-1"]
[BlackElo "2142"]
[WhiteElo "1899"]
[LiveChessVersion "1.4.8"]

1. c4 {[%clk 1:30:53]} e6 {[%clk 1:30:52]} 2. g3 {[%clk 1:31:12]} d5
{[%clk 1:30:43]} 3. Bg2 {[%clk 1:31:19]} Nf6 {[%clk 1:31:03]} 4. Nf3
{[%clk 1:31:27]} d4 {[%clk 1:30:47]} 5. e3 {[%clk 1:31:04]} c5 {[%clk 1:30:55]}
6. exd4 {[%clk 1:28:53]} cxd4 {[%clk 1:31:18]} 7. d3 {[%clk 1:28:13]} Nc6
{[%clk 1:31:37]} 8. O-O {[%clk 1:26:52]} Bd6 {[%clk 1:31:34]} 9. Bg5
{[%clk 1:25:59]} h6 {[%clk 1:29:30]} 10. Bxf6 {[%clk 1:26:17]} Qxf6
{[%clk 1:29:53]} 11. Nbd2 {[%clk 1:26:34]} Qd8 {[%clk 1:29:58]} 12. Re1
{[%clk 1:17:51]} O-O {[%clk 1:29:58]} 13. Nb3 {[%clk 1:09:13]} e5
{[%clk 1:28:11]} 14. c5 {[%clk 1:06:52]} Bc7 {[%clk 1:28:33]} 15. Nfd2
{[%clk 1:05:13]} Bf5 {[%clk 1:22:58]} 16. Ne4 {[%clk 1:04:34]} Be6
{[%clk 0:59:45]} 17. a3 {[%clk 0:52:42]} f5 {[%clk 0:56:17]} 18. Ned2
{[%clk 0:52:27]} Bd5 {[%clk 0:55:09]} 19. Bxd5+ {[%clk 0:46:19]} Qxd5
{[%clk 0:55:15]} 20. f3 {[%clk 0:40:52]} a5 {[%clk 0:54:12]} 21. Qc2
{[%clk 0:39:01]} a4 {[%clk 0:53:38]} 22. Nc1 {[%clk 0:39:12]} Ba5
{[%clk 0:53:10]} 23. b4 {[%clk 0:33:40]} axb3 {[%clk 0:53:08]} 24. Qxb3
{[%clk 0:33:33]} Qxb3 {[%clk 0:52:57]} 25. Ncxb3 {[%clk 0:32:58]} Bc3
{[%clk 0:53:09]} 26. Rab1 {[%clk 0:22:19]} Rxa3 {[%clk 0:53:08]} 27. Red1
{[%clk 0:21:59]} Ra2 {[%clk 0:51:56]} 28. Nc4 {[%clk 0:21:03]} Rfa8
{[%clk 0:27:26]} 29. Nc1 {[%clk 0:14:41]} Rc2 {[%clk 0:26:25]} 30. Nd6
{[%clk 0:13:29]} Bd2 {[%clk 0:20:11]} 31. Nxf5 {[%clk 0:12:28]} Rf8
{[%clk 0:17:08]} 32. Nd6 {[%clk 0:10:42]} Be3+ {[%clk 0:17:10]} 33. Kh1
{[%clk 0:10:58]} Rxf3 {[%clk 0:17:18]} 34. Ne4 {[%clk 0:11:22]} Bxc1
{[%clk 0:16:46]} 35. Rdxc1 {[%clk 0:08:29]} Rxc1+ {[%clk 0:17:05]} 36. Rxc1
{[%clk 0:08:55]} Rxd3 {[%clk 0:17:25]} 37. Rb1 {[%clk 0:08:54]} Re3
{[%clk 0:17:09]} 38. Nd6 {[%clk 0:08:31]} d3 {[%clk 0:17:08]} 39. Rd1
{[%clk 0:06:46]} Nd4 {[%clk 0:14:00]} 40. Nc4 {[%clk 0:06:11]} Re2
{[%clk 0:08:54]} 41. Rxd3 {[%clk 0:06:14]} Ne6 {[%clk 0:06:15]} 42. Rd5
{[%clk 0:03:18]} e4 {[%clk 0:06:26]} 43. Re5 {[%clk 0:02:07]} Ng5
{[%clk 0:04:38]} 44. Re8+ {[%clk 0:27:16]} Kf7 {[%clk 0:27:35]} 45. Nd6+
{[%clk 0:26:50]} Kg6 {[%clk 0:27:10]} 46. Kg1 {[%clk 0:25:39]} e3
{[%clk 0:25:41]} 47. Rf8 {[%clk 0:23:32]} Ne6 {[%clk 0:19:31]} 48. Rc8
{[%clk 0:22:20]} Rc2 {[%clk 0:18:32]} 49. Kf1 {[%clk 0:16:07]} Nxc5
{[%clk 0:15:12]} 50. Nxb7 {[%clk 0:14:32]} e2+ {[%clk 0:15:29]} 0-1

[Event "escc2023_65"]
[Site "?"]
[Date "2023.05.31"]
[Round "6.13"]
[White "Hilarius, Sander"]
[Black "Giacomini, Hector"]
[Result "0-1"]
[BlackElo "2126"]
[WhiteElo "1899"]
[LiveChessVersion "1.4.8"]

1. d4 {[%clk 1:30:55]} d5 {[%clk 1:30:54]} 2. c4 {[%clk 1:31:17]} e6
{[%clk 1:31:16]} 3. Nc3 {[%clk 1:31:40]} Nf6 {[%clk 1:31:40]} 4. cxd5
{[%clk 1:32:01]} exd5 {[%clk 1:32:06]} 5. Bg5 {[%clk 1:32:21]} Be7
{[%clk 1:32:29]} 6. e3 {[%clk 1:32:20]} O-O {[%clk 1:32:52]} 7. Bd3
{[%clk 1:32:33]} Nbd7 {[%clk 1:33:12]} 8. Qc2 {[%clk 1:31:53]} c6
{[%clk 1:33:35]} 9. Nge2 {[%clk 1:32:13]} Re8 {[%clk 1:33:54]} 10. O-O
{[%clk 1:32:22]} Nf8 {[%clk 1:34:17]} 11. f3 {[%clk 1:32:22]} Be6
{[%clk 1:34:39]} 12. Rad1 {[%clk 1:32:16]} Rc8 {[%clk 1:35:02]} 13. e4
{[%clk 1:31:24]} dxe4 {[%clk 1:35:13]} 14. fxe4 {[%clk 1:31:46]} Ng4
{[%clk 1:35:10]} 15. Bf4 {[%clk 1:31:44]} c5 {[%clk 1:26:03]} 16. Bb5
{[%clk 1:27:16]} cxd4 {[%clk 1:22:50]} 17. Bxe8 {[%clk 1:16:37]} g5
{[%clk 1:19:37]} 18. Bxf7+ {[%clk 0:58:03]} Bxf7 {[%clk 1:19:38]} 19. h3
{[%clk 0:57:17]} gxf4 {[%clk 1:15:01]} 20. hxg4 {[%clk 0:57:29]} Bc5
{[%clk 1:14:39]} 21. Na4 {[%clk 0:43:49]} d3+ {[%clk 1:10:08]} 22. Nxc5
{[%clk 0:43:22]} dxc2 {[%clk 1:10:32]} 23. Rxd8 {[%clk 0:43:38]} Rxd8
{[%clk 1:10:52]} 24. Nb3 {[%clk 0:27:00]} Bc4 {[%clk 1:04:29]} 25. Kf2
{[%clk 0:23:17]} Rd1 {[%clk 0:58:14]} 26. Re1 {[%clk 0:22:19]} Rb1
{[%clk 0:54:16]} 27. Nec1 {[%clk 0:09:03]} Rxb2 {[%clk 0:53:38]} 28. e5
{[%clk 0:07:09]} Ne6 {[%clk 0:52:53]} 29. Na5 {[%clk 0:04:24]} Bd5
{[%clk 0:42:36]} 30. Nab3 {[%clk 0:02:26]} Ng5 {[%clk 0:34:00]} 31. Nc5
{[%clk 0:01:34]} Kf7 {[%clk 0:31:53]} 32. N5d3 {[%clk 0:01:45]} Rb1
{[%clk 0:29:36]} 33. Re2 {[%clk 0:01:11]} Ne4+ {[%clk 0:13:59]} 34. Ke1
{[%clk 0:01:40]} Nc5 {[%clk 0:14:03]} 35. Kd2 {[%clk 0:01:36]} Nxd3
{[%clk 0:14:01]} 36. Nxd3 {[%clk 0:01:45]} c1=Q+ {[%clk 0:06:19]} 37. Nxc1
{[%clk 0:02:13]} Rb2+ {[%clk 0:06:34]} 38. Kc3 {[%clk 0:01:25]} Rxe2
{[%clk 0:06:51]} 39. Nxe2 {[%clk 0:01:54]} Bxa2 {[%clk 0:06:57]} 40. Nxf4
{[%clk 0:01:46]} Be6 {[%clk 0:07:13]} 41. g5 {[%clk 0:29:32]} a5 {[%clk 0:37:28]}
42. g3 {[%clk 0:27:28]} b5 {[%clk 0:36:49]} 43. Kb2 {[%clk 0:22:45]} b4
{[%clk 0:37:00]} 44. Kc2 {[%clk 0:20:49]} Bc4 {[%clk 0:34:30]} 45. Nh5
{[%clk 0:14:50]} a4 {[%clk 0:33:50]} 46. Nf6 {[%clk 0:15:13]} a3 {[%clk 0:34:02]}
47. Ne4 {[%clk 0:10:38]} Bd5 0-1

[Event "escc2023_65"]
[Site "?"]
[Date "2023.05.31"]
[Round "6.14"]
[White "Myall, Ivan J"]
[Black "Kortis, Wim"]
[Result "0-1"]
[BlackElo "2110"]
[WhiteElo "1924"]
[LiveChessVersion "1.4.8"]

1. e4 {[%clk 1:30:58]} g6 {[%clk 1:30:47]} 2. d4 {[%clk 1:31:16]} Bg7
{[%clk 1:31:07]} 3. Nc3 {[%clk 1:31:38]} c6 {[%clk 1:31:25]} 4. f4
{[%clk 1:31:56]} d5 {[%clk 1:31:42]} 5. e5 {[%clk 1:32:12]} Nh6 {[%clk 1:32:00]}
6. Nf3 {[%clk 1:31:57]} f6 {[%clk 1:31:49]} 7. Be2 {[%clk 1:29:29]} Bg4
{[%clk 1:31:05]} 8. h3 {[%clk 1:25:09]} Bxf3 {[%clk 1:31:05]} 9. Bxf3
{[%clk 1:25:36]} Nf5 {[%clk 1:26:40]} 10. Qd3 {[%clk 1:15:05]} Qb6
{[%clk 1:13:19]} 11. Be3 {[%clk 0:57:42]} fxe5 {[%clk 1:04:08]} 12. fxe5
{[%clk 0:56:26]} Bxe5 {[%clk 0:59:32]} 13. O-O-O {[%clk 0:56:24]} Nd7
{[%clk 0:48:49]} 14. Bg4 {[%clk 0:47:49]} Nxe3 {[%clk 0:44:17]} 15. Bxd7+
{[%clk 0:46:12]} Kxd7 {[%clk 0:44:35]} 16. Qxe3 {[%clk 0:46:21]} Bd6
{[%clk 0:42:54]} 17. Kb1 {[%clk 0:38:44]} Raf8 {[%clk 0:38:48]} 18. Na4
{[%clk 0:37:36]} Qd8 {[%clk 0:35:45]} 19. Rhe1 {[%clk 0:26:53]} Rf6
{[%clk 0:32:45]} 20. g4 {[%clk 0:25:55]} Qg8 {[%clk 0:32:46]} 21. Qb3
{[%clk 0:24:11]} b6 {[%clk 0:29:35]} 22. Qd3 {[%clk 0:23:01]} Qc8
{[%clk 0:23:00]} 23. Qe2 {[%clk 0:19:42]} Rhf8 {[%clk 0:21:44]} 24. c4
{[%clk 0:19:10]} dxc4 {[%clk 0:18:38]} 25. d5 {[%clk 0:19:25]} c5
{[%clk 0:15:16]} 26. Qxc4 {[%clk 0:18:40]} Kd8 {[%clk 0:14:04]} 27. Nc3
{[%clk 0:18:21]} Rf4 {[%clk 0:12:35]} 28. Ne4 {[%clk 0:16:00]} Qd7
{[%clk 0:09:32]} 29. Qe2 {[%clk 0:16:03]} h6 {[%clk 0:09:21]} 30. Rd3
{[%clk 0:13:05]} c4 {[%clk 0:08:35]} 31. Rdd1 {[%clk 0:09:56]} b5
{[%clk 0:08:45]} 32. Nxd6 {[%clk 0:06:57]} Qxd6 {[%clk 0:08:37]} 33. Qe3
{[%clk 0:07:07]} Qc7 {[%clk 0:07:32]} 34. Qe6 {[%clk 0:06:20]} R4f6
{[%clk 0:07:43]} 35. Qe3 {[%clk 0:05:58]} g5 {[%clk 0:07:51]} 36. Qd4
{[%clk 0:05:16]} Qb6 {[%clk 0:07:06]} 37. Qe5 {[%clk 0:04:26]} R8f7
{[%clk 0:06:54]} 38. Qc3 {[%clk 0:03:56]} a5 {[%clk 0:05:35]} 39. Re6
{[%clk 0:03:53]} Qa7 {[%clk 0:04:29]} 40. Qe5 {[%clk 0:03:05]} Rf1
{[%clk 0:02:00]} 41. Re1 {[%clk 0:29:37]} Rxe1+ {[%clk 0:23:31]} 42. Qxe1
{[%clk 0:30:05]} b4 {[%clk 0:21:17]} 43. d6 {[%clk 0:23:18]} Qd7 {[%clk 0:16:11]}
44. Rxh6 {[%clk 0:16:38]} exd6 {[%clk 0:10:56]} 45. Rh8+ {[%clk 0:12:19]} Kc7
{[%clk 0:11:14]} 46. a3 {[%clk 0:08:21]} Re7 {[%clk 0:08:03]} 47. Qf2
{[%clk 0:05:59]} Kb7 {[%clk 0:07:59]} 48. axb4 {[%clk 0:03:47]} axb4
{[%clk 0:08:22]} 49. Qg2+ {[%clk 0:03:57]} d5 {[%clk 0:08:27]} 50. Qg3
{[%clk 0:04:09]} Qc7 {[%clk 0:08:09]} 51. Qxc7+ {[%clk 0:04:14]} Kxc7
{[%clk 0:08:28]} 52. Rg8 {[%clk 0:04:27]} Kc6 {[%clk 0:02:51]} 53. Rxg5
{[%clk 0:04:38]} b3 {[%clk 0:02:59]} 54. Kc1 {[%clk 0:04:51]} Re3
{[%clk 0:02:54]} 55. h4 {[%clk 0:04:37]} Rh3 {[%clk 0:02:54]} 56. h5
{[%clk 0:04:44]} Kc5 {[%clk 0:03:18]} 57. Re5 {[%clk 0:03:32]} Rh1+
{[%clk 0:03:11]} 58. Kd2 {[%clk 0:03:31]} Kd4 {[%clk 0:03:26]} 59. Re2
{[%clk 0:01:40]} Rb1 {[%clk 0:03:38]} 60. h6 {[%clk 0:01:51]} Rxb2+
{[%clk 0:03:41]} 61. Kd1 {[%clk 0:01:43]} Rb1+ {[%clk 0:03:55]} 62. Kd2
{[%clk 0:01:42]} c3# 0-1

[Event "escc2023_65"]
[Site "?"]
[Date "2023.05.31"]
[Round "6.15"]
[White "Erdogan, Hassan"]
[Black "Iudicello, Giovanni"]
[Result "0-1"]
[BlackElo "2081"]
[WhiteElo "1831"]
[LiveChessVersion "1.4.8"]

1. d4 {[%clk 1:30:57]} Nf6 {[%clk 1:30:52]} 2. Nf3 {[%clk 1:31:15]} g6
{[%clk 1:31:12]} 3. Nbd2 {[%clk 1:31:12]} Bg7 {[%clk 1:31:30]} 4. e3
{[%clk 1:31:18]} d6 {[%clk 1:31:48]} 5. Bd3 {[%clk 1:30:52]} Nbd7
{[%clk 1:32:03]} 6. b3 {[%clk 1:30:34]} O-O {[%clk 1:30:44]} 7. Bb2
{[%clk 1:30:57]} Re8 {[%clk 1:25:46]} 8. O-O {[%clk 1:23:38]} e5 {[%clk 1:24:51]}
9. dxe5 {[%clk 1:23:55]} dxe5 {[%clk 1:25:08]} 10. Bc4 {[%clk 1:11:30]} h6
{[%clk 1:21:15]} 11. e4 {[%clk 1:05:46]} Nh5 {[%clk 1:20:07]} 12. Re1
{[%clk 0:59:50]} Nb6 {[%clk 1:02:40]} 13. Bf1 {[%clk 0:57:49]} Qe7
{[%clk 0:54:50]} 14. c4 {[%clk 0:52:29]} Nf4 {[%clk 0:51:55]} 15. Qc2
{[%clk 0:50:46]} c5 {[%clk 0:48:15]} 16. h3 {[%clk 0:44:35]} g5 {[%clk 0:44:03]}
17. Kh2 {[%clk 0:42:11]} g4 {[%clk 0:43:31]} 18. hxg4 {[%clk 0:41:53]} Bxg4
{[%clk 0:43:54]} 19. g3 {[%clk 0:41:53]} Ng6 {[%clk 0:43:59]} 20. Bg2
{[%clk 0:32:52]} h5 {[%clk 0:43:06]} 21. Nf1 {[%clk 0:30:08]} h4 {[%clk 0:33:19]}
22. Ne3 {[%clk 0:29:57]} hxg3+ {[%clk 0:33:32]} 23. fxg3 {[%clk 0:30:22]} Bxf3
{[%clk 0:28:06]} 24. Bxf3 {[%clk 0:30:50]} Qf6 {[%clk 0:27:43]} 25. Bg4
{[%clk 0:27:19]} Rad8 {[%clk 0:21:42]} 26. Rf1 {[%clk 0:25:57]} Qg5
{[%clk 0:21:22]} 27. Qe2 {[%clk 0:26:04]} Ne7 {[%clk 0:14:59]} 28. Ba3
{[%clk 0:23:11]} Nd7 {[%clk 0:12:47]} 29. Bxd7 {[%clk 0:21:24]} Rxd7
{[%clk 0:12:58]} 30. Bxc5 {[%clk 0:21:52]} Nc6 {[%clk 0:11:36]} 31. Nd5
{[%clk 0:14:50]} Nd4 {[%clk 0:10:19]} 32. Bxd4 {[%clk 0:14:52]} exd4
{[%clk 0:10:43]} 33. Qd3 {[%clk 0:13:56]} Re6 {[%clk 0:10:27]} 34. Rf5
{[%clk 0:11:11]} Qg4 {[%clk 0:10:18]} 35. Nf4 {[%clk 0:08:35]} Rh6+
{[%clk 0:09:08]} 36. Kg2 {[%clk 0:09:03]} Re7 {[%clk 0:08:54]} 37. Rh1
{[%clk 0:08:32]} Rxh1 {[%clk 0:08:49]} 38. Kxh1 {[%clk 0:09:00]} Re5
{[%clk 0:05:12]} 39. Qxd4 {[%clk 0:06:37]} Rxf5 {[%clk 0:02:13]} 40. Qd8+
{[%clk 0:07:05]} Kh7 {[%clk 0:01:58]} 41. exf5 {[%clk 0:07:31]} Qxg3
{[%clk 0:00:52]} 42. Ng2 {[%clk 0:06:29]} Qh3+ {[%clk 0:29:46]} 43. Kg1
{[%clk 0:36:48]} Qxf5 {[%clk 0:30:02]} 44. Qh4+ {[%clk 0:35:57]} Bh6
{[%clk 0:29:38]} 45. Qf2 {[%clk 0:35:03]} Qxf2+ {[%clk 0:17:02]} 46. Kxf2
{[%clk 0:33:17]} Kg6 {[%clk 0:17:22]} 47. Kf3 {[%clk 0:33:14]} Kf5
{[%clk 0:16:29]} 48. Ne1 {[%clk 0:33:12]} Ke5 {[%clk 0:15:52]} 49. Nc2
{[%clk 0:33:00]} Bf8 {[%clk 0:15:13]} 50. Ne3 {[%clk 0:30:39]} Kd4
{[%clk 0:13:19]} 51. Ng4 {[%clk 0:25:40]} a5 {[%clk 0:10:47]} 52. Nf6
{[%clk 0:20:33]} Kc3 {[%clk 0:09:55]} 53. Nd7 {[%clk 0:20:03]} Be7
{[%clk 0:09:21]} 54. Ne5 {[%clk 0:20:25]} f6 {[%clk 0:21:11]} 55. Ng6
{[%clk 0:19:48]} Bd6 {[%clk 0:16:49]} 56. Ke4 {[%clk 0:19:53]} Kb2
{[%clk 0:16:26]} 57. Kd3 {[%clk 0:20:21]} Kxa2 {[%clk 0:16:08]} 58. Kc2
{[%clk 0:20:50]} f5 {[%clk 0:16:04]} 59. Nh4 {[%clk 0:21:08]} f4 {[%clk 0:15:56]}
60. Nf3 {[%clk 0:21:37]} b6 {[%clk 0:15:24]} 61. Nd2 {[%clk 0:21:21]} Be5
{[%clk 0:15:08]} 62. Nf3 {[%clk 0:20:56]} Bf6 {[%clk 0:14:48]} 63. Nd2
{[%clk 0:21:15]} Ka3 {[%clk 0:14:56]} 64. Ne4 {[%clk 0:21:26]} Bd4
{[%clk 0:13:33]} 65. Kd3 {[%clk 0:21:30]} Bc5 {[%clk 0:12:21]} 66. Kc3
{[%clk 0:21:31]} f3 {[%clk 0:12:29]} 67. Ng3 {[%clk 0:21:39]} Bd6
{[%clk 0:12:41]} 68. Nf1 {[%clk 0:22:06]} Bf4 {[%clk 0:12:55]} 0-1

[Event "escc2023_65"]
[Site "?"]
[Date "2023.05.31"]
[Round "6.16"]
[White "Broeder, Hans-Gert"]
[Black "Van Herck, Marcel"]
[Result "0-1"]
[BlackElo "2009"]
[WhiteElo "1728"]
[LiveChessVersion "1.4.8"]

1. e4 {[%clk 1:30:51]} c6 {[%clk 1:30:23]} 2. Nc3 {[%clk 1:30:51]} d5
{[%clk 1:30:45]} 3. Nf3 {[%clk 1:30:18]} Bg4 {[%clk 1:30:55]} 4. h3
{[%clk 1:30:45]} Bxf3 {[%clk 1:31:12]} 5. Qxf3 {[%clk 1:30:47]} e6
{[%clk 1:31:34]} 6. exd5 {[%clk 1:29:36]} cxd5 {[%clk 1:30:41]} 7. Bb5+
{[%clk 1:26:18]} Nc6 {[%clk 1:24:41]} 8. O-O {[%clk 1:24:02]} Nf6
{[%clk 1:24:00]} 9. d3 {[%clk 1:19:00]} Be7 {[%clk 1:23:15]} 10. Bg5
{[%clk 1:15:30]} O-O {[%clk 1:23:02]} 11. Bxc6 {[%clk 1:15:26]} bxc6
{[%clk 1:22:47]} 12. Rfe1 {[%clk 1:13:00]} Rb8 {[%clk 1:19:47]} 13. Na4
{[%clk 1:07:51]} Nd7 {[%clk 1:17:12]} 14. Bxe7 {[%clk 1:07:17]} Qxe7
{[%clk 1:17:37]} 15. Qh5 {[%clk 1:01:08]} Qd6 {[%clk 1:15:36]} 16. b3
{[%clk 0:59:32]} e5 {[%clk 1:13:21]} 17. Nc3 {[%clk 0:54:11]} f5 {[%clk 1:11:13]}
18. Qd1 {[%clk 0:52:03]} f4 {[%clk 1:00:10]} 19. Qd2 {[%clk 0:47:56]} f3
{[%clk 0:59:27]} 20. g3 {[%clk 0:48:13]} Qe6 {[%clk 0:59:29]} 21. Kh2
{[%clk 0:48:08]} Rf6 {[%clk 0:59:31]} 22. Rh1 {[%clk 0:45:21]} Rh6
{[%clk 0:59:08]} 23. h4 {[%clk 0:45:17]} Rb4 {[%clk 0:56:48]} 24. Qg5
{[%clk 0:30:16]} Nf6 {[%clk 0:55:34]} 25. Rae1 {[%clk 0:23:37]} Rh5
{[%clk 0:55:36]} 0-1

[Event "escc2023_65"]
[Site "?"]
[Date "2023.05.31"]
[Round "6.17"]
[White "Hellmann, Thomas"]
[Black "Goli, Daniele"]
[Result "1-0"]
[BlackElo "1971"]
[WhiteElo "1719"]
[LiveChessVersion "1.4.8"]

1. e4 {[%clk 1:30:34]} g6 {[%clk 1:30:48]} 2. d4 {[%clk 1:30:36]} Bg7
{[%clk 1:31:04]} 3. Nf3 {[%clk 1:30:39]} d6 {[%clk 1:31:26]} 4. h3
{[%clk 1:30:34]} Nf6 {[%clk 1:30:54]} 5. Bd3 {[%clk 1:30:13]} Nbd7
{[%clk 1:27:08]} 6. Be3 {[%clk 1:28:53]} c6 {[%clk 1:22:38]} 7. c3
{[%clk 1:29:01]} Qc7 {[%clk 1:22:08]} 8. Qd2 {[%clk 1:28:52]} a6 {[%clk 1:17:58]}
9. Bh6 {[%clk 1:29:06]} Bxh6 {[%clk 1:15:16]} 10. Qxh6 {[%clk 1:29:32]} e5
{[%clk 1:15:17]} 11. dxe5 {[%clk 1:29:15]} dxe5 {[%clk 1:15:38]} 12. Nbd2
{[%clk 1:21:15]} Qd6 {[%clk 1:07:35]} 13. Bc2 {[%clk 1:18:12]} b5
{[%clk 1:04:38]} 14. Rd1 {[%clk 1:16:51]} Qe7 {[%clk 1:03:24]} 15. O-O
{[%clk 1:16:04]} Nh5 {[%clk 0:52:55]} 16. Ne1 {[%clk 1:02:21]} Nc5
{[%clk 0:44:42]} 17. Nd3 {[%clk 0:57:41]} Nxd3 {[%clk 0:44:26]} 18. Bxd3
{[%clk 0:58:09]} Be6 {[%clk 0:44:32]} 19. a3 {[%clk 0:56:23]} Nf4
{[%clk 0:43:24]} 20. Bc2 {[%clk 0:56:08]} O-O-O {[%clk 0:42:27]} 21. Nf3
{[%clk 0:55:59]} f6 {[%clk 0:39:59]} 22. h4 {[%clk 0:53:51]} Bg4 {[%clk 0:29:05]}
23. Rxd8+ {[%clk 0:52:21]} Rxd8 {[%clk 0:29:31]} 24. Nh2 {[%clk 0:51:43]} Be6
{[%clk 0:17:47]} 25. g3 {[%clk 0:48:08]} Nh3+ {[%clk 0:12:50]} 26. Kg2
{[%clk 0:45:53]} g5 {[%clk 0:12:52]} 27. Nf3 {[%clk 0:42:36]} Rg8
{[%clk 0:09:38]} 28. Ng1 {[%clk 0:41:42]} Rg6 {[%clk 0:08:31]} 29. Qh5
{[%clk 0:42:03]} gxh4 {[%clk 0:07:53]} 30. Nxh3 {[%clk 0:35:43]} Bg4
{[%clk 0:08:18]} 31. Qxh4 {[%clk 0:35:57]} Qg7 {[%clk 0:02:53]} 32. f3
{[%clk 0:29:06]} Bd7 {[%clk 0:01:36]} 33. g4 {[%clk 0:28:15]} Bxg4
{[%clk 0:01:44]} 34. Kf2 {[%clk 0:25:38]} 1-0

[Event "escc2023_65"]
[Site "?"]
[Date "2023.05.31"]
[Round "6.18"]
[White "Strand, Kjetil"]
[Black "Patola, Eero"]
[Result "1/2-1/2"]
[BlackElo "1783"]
[WhiteElo "1942"]
[LiveChessVersion "1.4.8"]

1. e4 {[%clk 1:30:56]} c5 {[%clk 1:29:41]} 2. Nf3 {[%clk 1:31:15]} e6
{[%clk 1:29:55]} 3. d4 {[%clk 1:31:29]} cxd4 {[%clk 1:30:12]} 4. Nxd4
{[%clk 1:31:52]} a6 {[%clk 1:30:20]} 5. Nc3 {[%clk 1:32:06]} Qc7 {[%clk 1:30:04]}
6. g3 {[%clk 1:32:13]} Nf6 {[%clk 1:30:01]} 7. Bg2 {[%clk 1:32:26]} Nc6
{[%clk 1:29:34]} 8. Nxc6 {[%clk 1:31:05]} bxc6 {[%clk 1:29:08]} 9. O-O
{[%clk 1:31:08]} d6 {[%clk 1:28:11]} 10. Re1 {[%clk 1:29:43]} e5 {[%clk 1:25:34]}
11. a4 {[%clk 1:27:25]} Be7 {[%clk 1:25:02]} 12. a5 {[%clk 1:27:27]} O-O
{[%clk 1:24:10]} 13. Be3 {[%clk 1:27:00]} Be6 {[%clk 1:21:20]} 14. Qd3
{[%clk 1:24:10]} Nd7 {[%clk 1:19:15]} 15. f4 {[%clk 1:16:19]} f5 {[%clk 1:10:18]}
16. exf5 {[%clk 1:12:24]} Bxf5 {[%clk 1:08:07]} 17. Qc4+ {[%clk 1:12:11]} Kh8
{[%clk 1:07:57]} 18. Qxc6 {[%clk 1:07:36]} Qxc6 {[%clk 1:06:48]} 19. Bxc6
{[%clk 1:07:52]} Rab8 {[%clk 1:05:54]} 20. Nd5 {[%clk 1:03:20]} Bd8
{[%clk 1:05:03]} 21. Bxd7 {[%clk 0:59:26]} Bxd7 {[%clk 1:05:14]} 22. fxe5
{[%clk 0:56:08]} Bc6 {[%clk 1:02:17]} 23. Nb6 {[%clk 0:54:13]} dxe5
{[%clk 0:59:30]} 24. Bc5 {[%clk 0:53:46]} Re8 {[%clk 0:58:07]} 25. Rad1
{[%clk 0:52:20]} Bxb6 {[%clk 0:55:51]} 26. axb6 {[%clk 0:51:19]} e4
{[%clk 0:55:18]} 27. Rd6 {[%clk 0:46:59]} Rbc8 {[%clk 0:51:38]} 28. c4
{[%clk 0:36:52]} Kg8 {[%clk 0:49:27]} 29. b4 {[%clk 0:34:17]} Red8
{[%clk 0:47:21]} 30. Red1 {[%clk 0:32:02]} Re8 {[%clk 0:44:52]} 31. Be3
{[%clk 0:31:39]} Ba4 {[%clk 0:43:24]} 32. R1d4 {[%clk 0:29:26]} Bb3
{[%clk 0:41:39]} 33. b7 {[%clk 0:28:08]} Rb8 {[%clk 0:37:21]} 34. Rb6
{[%clk 0:26:44]} Re7 {[%clk 0:36:30]} 35. c5 {[%clk 0:23:44]} Rbxb7
{[%clk 0:34:06]} 36. Rxb7 {[%clk 0:23:09]} Rxb7 {[%clk 0:34:21]} 37. Rxe4
{[%clk 0:23:23]} Ba4 {[%clk 0:33:49]} 38. Bd2 {[%clk 0:21:06]} Bb5
{[%clk 0:30:12]} 39. Re6 {[%clk 0:19:56]} Rc7 {[%clk 0:26:24]} 40. Bf4
{[%clk 0:17:08]} Rc8 {[%clk 0:21:58]} 41. Re7 {[%clk 0:16:46]} Re8
{[%clk 0:20:06]} 42. Ra7 {[%clk 0:15:39]} Re6 {[%clk 0:18:44]} 43. Bd6
{[%clk 0:14:05]} Re4 {[%clk 0:16:40]} 44. c6 {[%clk 0:09:48]} Bxc6
{[%clk 0:08:51]} 45. Rxa6 {[%clk 0:09:12]} Rc4 {[%clk 0:01:34]} 46. Ra7
{[%clk 0:08:39]} Re4 {[%clk 0:30:30]} 47. Rc7 {[%clk 0:36:28]} Ba4
{[%clk 0:28:38]} 48. Kf2 {[%clk 0:35:51]} Re6 {[%clk 0:27:27]} 49. Bc5
{[%clk 0:35:11]} Bb5 {[%clk 0:26:52]} 50. h4 {[%clk 0:33:10]} h6 {[%clk 0:24:49]}
51. Kf3 {[%clk 0:28:12]} h5 {[%clk 0:21:42]} 52. Bd4 {[%clk 0:26:07]} Bc6+
{[%clk 0:20:31]} 53. Kf2 {[%clk 0:26:25]} g6 {[%clk 0:18:29]} 54. Be3
{[%clk 0:21:24]} Bb5 {[%clk 0:17:44]} 55. Kf3 {[%clk 0:18:26]} Bd3
{[%clk 0:14:51]} 56. Bh6 {[%clk 0:16:59]} Bb5 {[%clk 0:12:02]} 57. Kf4
{[%clk 0:15:21]} Be8 {[%clk 0:11:49]} 58. Kg5 {[%clk 0:13:38]} Rb6
{[%clk 0:11:07]} 59. Rg7+ {[%clk 0:12:35]} Kh8 {[%clk 0:10:54]} 60. Re7
{[%clk 0:11:55]} Rb5+ {[%clk 0:10:11]} 61. Kf6 {[%clk 0:09:56]} Rb6+
{[%clk 0:09:57]} 62. Ke5 {[%clk 0:08:21]} Ba4 {[%clk 0:09:07]} 63. Bd2
{[%clk 0:07:33]} Kg8 {[%clk 0:08:39]} 64. Kd5 {[%clk 0:06:45]} Rb5+
{[%clk 0:07:49]} 65. Kc4 {[%clk 0:06:37]} Rb6 {[%clk 0:08:00]} 66. Rc7
{[%clk 0:06:42]} Kf8 {[%clk 0:06:28]} 67. Be3 {[%clk 0:06:09]} Rb8
{[%clk 0:05:26]} 68. Bd4 {[%clk 0:05:11]} Be8 {[%clk 0:05:38]} 69. Bg7+
{[%clk 0:05:08]} Kg8 {[%clk 0:05:47]} 70. Be5 {[%clk 0:05:16]} Rb6
{[%clk 0:04:52]} 71. Rc5 {[%clk 0:02:41]} Bf7+ {[%clk 0:04:46]} 72. Kc3
{[%clk 0:02:51]} Be8 {[%clk 0:05:09]} 73. Kc4 {[%clk 0:02:07]} Bf7+
{[%clk 0:05:37]} 74. Kc3 {[%clk 0:02:36]} Be8 {[%clk 0:06:06]} 75. Rc8 Kf7
{[%clk 0:05:26]} 76. Kc4 {[%clk 0:03:24]} Re6 {[%clk 0:05:13]} 77. Kd5
{[%clk 0:02:03]} Rb6 {[%clk 0:05:04]} 78. Bd6 {[%clk 0:01:28]} Rb7
{[%clk 0:04:05]} 79. Rc7+ {[%clk 0:01:16]} Rxc7 {[%clk 0:04:19]} 80. Bxc7
{[%clk 0:01:45]} Ke7 {[%clk 0:04:24]} 81. Kc5 {[%clk 0:01:58]} Kd7
{[%clk 0:04:36]} 82. Bf4 {[%clk 0:01:57]} Kc8 {[%clk 0:04:37]} 83. b5
{[%clk 0:02:17]} Kb7 {[%clk 0:04:24]} 84. b6 {[%clk 0:02:44]} Bd7
{[%clk 0:04:22]} 85. Bc7 {[%clk 0:03:06]} Bf5 {[%clk 0:03:54]} 86. Kd6
{[%clk 0:03:23]} Bb1 {[%clk 0:04:04]} 87. Ke6 {[%clk 0:03:41]} Bc2
{[%clk 0:04:17]} 88. Kf6 {[%clk 0:04:05]} Bb1 {[%clk 0:04:31]} 89. Kg5
{[%clk 0:04:28]} Bc2 {[%clk 0:04:35]} 1/2-1/2